| 000 | 00616nam a2200205Ia 4500 | ||
|---|---|---|---|
| 005 | 20250507130346.0 | ||
| 008 | 008 250505s9999 xx 000 0 chi d | ||
| 020 | _a978-0-691-13109-2 | ||
| 037 | _aAnnuals, Advances | ||
| 040 |
_aEASL _beng _cEASL |
||
| 041 |
_achi _2eng |
||
| 084 |
_aNW41, 41P7 _qEASL |
||
| 100 | _aWang Wei | ||
| 245 | 0 | _aReadings in Contemporary Chinese Cinema | |
| 260 |
_aUSA _bPrinceton Princeton university press _c2007 |
||
| 300 | _aix,338p. | ||
| 700 |
_aChou Chih-P'IngChiang Joanne _9755251 |
||
| 942 |
_cTEXL _hNW41, 41P7 |
||
| 999 |
_c1319211 _d1319211 |
||